000 00483nam a2200205Ia 4500
003 OSt
005 20220918231440.0
006 a|||||r|||| 00| 0
007 ta
008 220917b |||||||| |||| 00| 0 eng d
024 _a285,156
037 _cTextual
040 _aARTS
_cARTS
_beng
041 _2eng
_aeng
082 _a33:L681, K3
245 0 _aBritinnica book of year 1963
260 _c1963
942 _h33:L681, K3
_cTEXL
_2CC
999 _c291224
_d291224